000 00527nam a2200217Ia 4500
003 OSt
005 20220928145447.0
006 a|||||r|||| 00| 0
007 ta
008 220927b |||||||| |||| 00| 0 eng d
024 _a80640
037 _cTextual
040 _aSDCL
_cSDCL
_beng
041 _2eng
_aeng
082 _aV3'M, K2
100 _aClark G Kitson
_9513007
245 0 _aMaking of Victorian England
260 _c1962
942 _hV3'M, K2
_cTEXL
_2CC
999 _c833658
_d833658